عرض عادي
عرض مارك
- Hamilton, Tomas
دخول Personal Name
001 - CONTROL NUMBER
- control field: 19051
003 - CONTROL NUMBER IDENTIFIER
- control field: AE-AdECS
005 - DATE AND TIME OF LATEST TRANSACTION
- control field: 20250804154955.0
008 - FIXED-LENGTH DATA ELEMENTS
- fixed length control field: 250804|| aca||aabn | a|a d
040 ## - CATALOGING SOURCE
- Original cataloging agency: AE-AdECS
- Transcribing agency: AE-AdECS
100 ## - HEADING--PERSONAL NAME
- Personal name: Hamilton, Tomas
670 ## - SOURCE DATA FOUND
- Source citation: Work cat.: (AE-AdECS)291578: Hamilton, Tomas., The Arms Trade and International Criminal Law :
